Recent developments in housing (Record no. 357068)

000 -LEADER
fixed length control field 00328cam a22001217a 4500
008 - FIXED-LENGTH DATA ELEMENTS--GENERAL INFORMATION
fixed length control field 180718b1958 xxu||||| |||| 00| 0 eng d
082 ## - DEWEY DECIMAL CLASSIFICATION NUMBER
Classification number XAx54 Ag15r
100 ## - MAIN ENTRY--PERSONAL NAME
Personal name Agarwal, S.C.
245 ## - TITLE STATEMENT
Title Recent developments in housing
Statement of responsibility, etc. by S.C. Agarwal
260 ## - PUBLICATION, DISTRIBUTION, ETC.
Place of publication, distribution, etc. New Delhi
Name of publisher, distributor, etc. Jain Book
Date of publication, distribution, etc. 1958
300 ## - PHYSICAL DESCRIPTION
Extent 175p.
650 ## - SUBJECT ADDED ENTRY--TOPICAL TERM
Topical term or geographic name entry element Housing - India
Holdings
Withdrawn status Lost status Damaged status Not for loan Permanent Location Current Location Date acquired Full call number Barcode Date last seen Price effective from Koha item type
        Indian Institute of Public Administration Indian Institute of Public Administration 1994-01-11 XAx54 Ag15r 11718 2018-07-21 2018-07-21 Book

Powered by Koha